|
|
|
|
| LEADER |
01789nam a2200289 u 4500 |
| 001 |
10020837 |
| 003 |
upatras |
| 005 |
20240603103445.0 |
| 008 |
990311s1991 gr gre |
| 040 |
|
|
|a GR-PaULI
|c GR-PaULI
|
| 041 |
0 |
|
|a gre
|
| 082 |
0 |
4 |
|a 657
|
| 082 |
0 |
4 |
|a 657.3
|2 23
|
| 100 |
1 |
|
|a Καφούσης, Γεώργιος Ν.
|9 145072
|e συγγραφέας.
|
| 245 |
1 |
0 |
|a Ανάλυση και κριτική διερεύνηση χρηματοοικονομικών καταστάσεων
|b ισολογισμών - αποτελεσμάτων χρήσεως κ.τ.λ.
|c Γεωργίου Ν. Καφούση
|
| 260 |
|
|
|a Αθήνα
|b [χ.ό.]
|c 1991
|
| 300 |
|
|
|a vi, 163 σ.
|b πίν.
|c 24 εκ.
|
| 504 |
|
|
|a Περιλαμβάνει βιβλιογραφία.
|
| 650 |
|
4 |
|a Λογιστική
|9 546
|
| 852 |
|
|
|a GR-PaULI
|b ΠΑΤΡΑ
|b ΒΚΠ
|b ΒΣ1
|k ΑΣΧΕ
|h 657 ΚΑΦ
|m 041465
|p 025000004943
|t 1
|
| 942 |
|
|
|2 ddc
|c BK15
|
| 952 |
|
|
|0 0
|1 0
|4 0
|6 657_000000000000000_ΚΑΦ
|7 0
|9 181262
|a LISP
|b LISP
|c BSC
|d 2016-04-24
|i 041465
|l 0
|o 657 ΚΑΦ
|p 025000004943
|r 2016-04-24 00:00:00
|t 1
|w 2016-04-24
|y BK15
|
| 952 |
|
|
|0 0
|1 0
|2 ddc
|4 0
|6 657_300000000000000_ΚΑΦ
|7 0
|9 265550
|a MSLG
|b MSLG
|c ALF
|d 2021-01-17
|e 24
|f 0
|g 0.00
|i 4906
|l 0
|o 657.3 ΚΑΦ
|p 2420000004906
|r 2021-01-17 00:00:00
|t 4
|w 2021-01-17
|y BK15
|x 19991111 0 1
|x GrPaTEI
|
| 952 |
|
|
|0 0
|1 0
|2 ddc
|4 0
|6 657_300000000000000_ΚΑΦ
|7 0
|9 265551
|a MSLG
|b MSLG
|c BSC
|d 2021-01-17
|e 24
|f 0
|g 0.00
|i 14336
|l 0
|o 657.3 ΚΑΦ
|p 2420000014336
|r 2021-01-17 00:00:00
|t 2
|w 2021-01-17
|y BK15
|x 19991111 0 1
|x GrPaTEI
|
| 952 |
|
|
|0 0
|1 0
|2 ddc
|4 0
|6 657_300000000000000_ΚΑΦ
|7 0
|9 265552
|a MSLG
|b MSLG
|c BSC
|d 2021-01-17
|e 24
|f 0
|g 0.00
|i 14337
|l 0
|o 657.3 ΚΑΦ
|p 2420000014337
|r 2021-01-17 00:00:00
|t 3
|w 2021-01-17
|y BK15
|x 19991111 0 1
|x GrPaTEI
|
| 998 |
|
|
|c ΜΑΝΙΑΚΗ
|d 1999-03
|
| 999 |
|
|
|c 112034
|d 112034
|